000 00267nam a2200121Ia 4500
003 GCL
008 140319s9999 xx 000 0 ara d
040 _aGCL /
_cGCL
082 0 4 _a910.1
_bن ح
245 1 0 _aنظرات حول الجزائر
300 _a108
490 _a
999 _c37920
_d37920